1960s Movies by Picture - Statistics

General Stats
  • This quiz has been taken 21 times
  • The average score is 25 of 40
Answer Stats
Picture Hint Answer % Correct
1962 Lawrence of Arabia
100%
1961 One Hundred and One Dalmatians
100%
1967 The Jungle Book
100%
1966 Batman
94%
1964 Mary Poppins
94%
1965 The Sound of Music
94%
1968 Planet of the Apes
89%
1963 The Birds
89%
1966 The Good, the Bad and the Ugly
83%
1961 West Side Story
83%
1961 Breakfast at Tiffany's
78%
1968 Oliver!
78%
1960 Psycho
78%
1968 Yellow Submarine
78%
1969 Easy Rider
72%
1967 The Graduate
72%
1962 To Kill a Mockingbird
72%
1967 Bonnie and Clyde
67%
1968 Rosemary's Baby
67%
1969 Butch Cassidy and the Sundance Kid
61%
1969 Midnight Cowboy
61%
1968 2001: A Space Odyssey
56%
1962 Dr. No
56%
1960 Spartacus
56%
1963 The Sword in the Stone
56%
1965 Doctor Zhivago
50%
1964 My Fair Lady
50%
1963 The Great Escape
50%
1963 The Nutty Professor
50%
1964 Dr. Strangelove or: How I Learned to Stop Worrying and Love the Bomb
44%
1962 What Ever Happened to Baby Jane?
44%
1967 Cool Hand Luke
39%
1967 The Producers
39%
1968 Night of the Living Dead
33%
1960 The Apartment
33%
1962 The Manchurian Candidate
33%
1963 8 1/2
17%
1961 Yojimbo
17%
1960 Peeping Tom
11%
1964 Band of Outsiders
6%
No matching quizzes found
Score Distribution
Percent of People with Each Score
Percentile by Number Answered
Your Score History
You have not taken this quiz